LEADER 01323nam 2200433 450 001 9910149185803321 005 20230828224129.0 010 $a1-63459-148-8 035 $a(CKB)3710000000932986 035 $a(MiAaPQ)EBC5245160 035 $a(EXLCZ)993710000000932986 100 $a20180312h20062006 uy 0 101 0 $aeng 135 $aurcnu|||||||| 181 $2rdacontent 182 $2rdamedia 183 $2rdacarrier 200 10$aBankruptcy and related law $eincluding BAPCPA /$fby Steve H. Nickles, David G. Epstein 205 $aSecond edition. 210 1$aSt. Paul, Minnesota :$cThomson/West,$d2006. 210 4$dİ2006 215 $a1 online resource (433 pages) 311 $a0-314-06579-2 410 0$aBlack letter outlines. 606 $aDebtor and creditor$zUnited States$vOutlines, syllabi, etc 606 $aBankruptcy$zUnited States$vOutlines, syllabi, etc 615 0$aDebtor and creditor 615 0$aBankruptcy 676 $a346.73077 700 $aNickles$b Steve H.$f1949-$01236461 701 $aEpstein$b David G.$f1943-$0247061 701 $aNickles$b Steve H.$f1949-$01236461 801 0$bMiAaPQ 801 1$bMiAaPQ 801 2$bMiAaPQ 906 $aBOOK 912 $a9910149185803321 996 $aBankruptcy and related law$92875331 997 $aUNINA LEADER 01237nam 2200421 450 001 9910795038003321 005 20200520144314.0 010 $a1-5275-0983-4 035 $a(CKB)4340000000265288 035 $a(MiAaPQ)EBC5351342 035 $a(Au-PeEL)EBL5351342 035 $a(CaPaEBR)ebr11547042 035 $a(OCoLC)1032000878 035 $a(PPN)233189238 035 $a(EXLCZ)994340000000265288 100 $a20180622d2017 uy 0 101 0 $aeng 135 $aurcnu|||||||| 181 $ctxt$2rdacontent 182 $cc$2rdamedia 183 $acr$2rdacarrier 200 00$aSamuel Beckett and Europe $ehistory, culture, tradition /$fedited by Michela Bariselli, Niamh M. Bowe, and William Davies 210 1$aNewcastle upon Tyne :$cCambridge Scholars Publishing,$d[2017] 210 4$dİ2017 215 $a1 online resource (193 pages) 311 $a1-4438-9630-6 607 $aEurope$xIn literature 676 $a809.93324 702 $aBariselli$b Michela 702 $aBowe$b Niamh M. 702 $aDavies$b William 801 0$bMiAaPQ 801 1$bMiAaPQ 801 2$bMiAaPQ 906 $aBOOK 912 $a9910795038003321 996 $aSamuel Beckett and Europe$93683243 997 $aUNINA